Normal view
MARC view
Entry Personal Name
001 - CONTROL NUMBER
- control field: 42712
003 - CONTROL NUMBER IDENTIFIER
- control field: OSt
005 - DATE AND TIME OF LATEST TRANSACTION
- control field: 20230524205130.0
008 - FIXED-LENGTH DATA ELEMENTS
- fixed length control field: 230524|| aca||aabn | a|a d
040 ## - CATALOGING SOURCE
- Original cataloging agency: OSt
- Transcribing agency: OSt
100 ## - HEADING--PERSONAL NAME
- Personal name: "Sarah Cornelius , Steve Carver"
670 ## - SOURCE DATA FOUND
- Source citation: Work cat.: (OSt)57697: Ian Heywood 42711, An Introduction to Geographical Information Systems, 2010
